European Airline Hub Cities Quiz - Statistics

General Stats
  • This quiz has been taken 3,214 times
    1,911 since last reset
  • The average score is 16 of 24
Answer Stats
Hint Answer % Correct
Lufthansa Frankfurt
95%
KLM Amsterdam
90%
Lufthansa Munich
90%
Swiss International Air Lines Zurich
85%
Scandinavian Airlines Oslo
84%
British Airways London-Heathrow
83%
Scandinavian Airlines Stockholm
83%
Scandinavian Airlines Copenhagen
82%
Swiss International Air Lines Geneva
74%
British Airways London-Gatwick
72%
Air France Lyon
71%
Air France Paris-Charles de Gaulle
71%
Turkish Airlines Ankara
69%
Air France Marseille
69%
Air France Nice
68%
Air France Paris-Orly
65%
Air France Toulouse
51%
Scandinavian Airlines Bergen
50%
Turkish Airlines Istanbul-Atatürk
50%
Scandinavian Airlines Gothenburg
47%
Turkish Airlines Izmir
42%
Scandinavian Airlines Trondheim
28%
Scandinavian Airlines Stavanger
22%
Turkish Airlines Istanbul-Sabiha Gökçen
17%
No matching quizzes found
Score Distribution
Percent of People with Each Score
Percentile by Number Answered
Your Score History
You have not taken this quiz since the last reset